000 00767nam a2200241 a 4500
001 000012857
005 20260304094324.0
008 091118s1983 dr a 000 f spa d
020 _a8484000974
040 _aDO-SdBNP
_bspa
_cBNPHU
082 _aRD863.44
_bP379d
100 1 _aPeix, Pedro
_d1952-2015
_925675
245 1 4 _aLos despojos del cóndor /
_cPedro Peix.
260 _aSanto Domingo :
_bTaller,
_c1983.
300 _a42 p. :
_bil. ;
_c23 cm.
490 1 _aBiblioteca Taller
_v140
590 _aInventariado, 2020/MAA
600 1 0 _a Heureaux, Ulises,
_d1845-1899
_9598
650 0 _aNovela histórica dominicana.
_9860
650 0 _aLiteratura dominicana.
_967
830 0 _aBiblioteca Taller
_n140
_929737
910 _aValidado. Control de calidad MMOLINA
999 _c12505
_d12505